<?xml version="1.0" encoding="UTF-8"?>
<record
    xmlns:xsi="http://www.w3.org/2001/XMLSchema-instance"
    xsi:schemaLocation="http://www.loc.gov/MARC21/slim http://www.loc.gov/standards/marcxml/schema/MARC21slim.xsd"
    xmlns="http://www.loc.gov/MARC21/slim">

  <leader>01637nam a22002657a 4500</leader>
  <datafield tag="999" ind1=" " ind2=" ">
    <subfield code="c">22013</subfield>
    <subfield code="d">22013</subfield>
  </datafield>
  <controlfield tag="003">AR-CdUCM</controlfield>
  <controlfield tag="008">190425b           ||||| |||| 00| 0 spa d</controlfield>
  <datafield tag="040" ind1=" " ind2=" ">
    <subfield code="a">MUNICIPALIDAD PROVINCIAL DEL CUSCO</subfield>
    <subfield code="c">BIBLIOTECA MUNICIPAL DEL CUSCO</subfield>
  </datafield>
  <datafield tag="082" ind1=" " ind2=" ">
    <subfield code="a">ArchiPeruFol/N&#xB0;1/1955</subfield>
  </datafield>
  <datafield tag="245" ind1=" " ind2=" ">
    <subfield code="a">Archivos peruanos del Folklore :</subfield>
    <subfield code="c">&#xD3;rgano de la sociedad peruana de folklore</subfield>
  </datafield>
  <datafield tag="260" ind1=" " ind2=" ">
    <subfield code="a">Cusco.</subfield>
    <subfield code="b">H.G. Rozas,</subfield>
    <subfield code="c">1955.</subfield>
  </datafield>
  <datafield tag="300" ind1=" " ind2=" ">
    <subfield code="a">2291 p&#xE1;ginas. :</subfield>
    <subfield code="c">24 cm.</subfield>
  </datafield>
  <datafield tag="440" ind1=" " ind2=" ">
    <subfield code="a">Archivos peruanos de folklore</subfield>
    <subfield code="n">&#xD3;rgano de la sociedad peruana de folklore</subfield>
    <subfield code="9">47151</subfield>
  </datafield>
  <datafield tag="505" ind1=" " ind2=" ">
    <subfield code="a">Contenido: El III Congreso Indigenista Interamericano de la paz, breve comentario sobre una ponencia peruana de la Universidad del Cusco. -- El Congreso Internacional de folklore, de San Pablo, Brasil, invitaci&#xF3;n y agradecimiento, temario, asistencia, VII conferencia internacional de m&#xFA;sica folklorica, mesa directiva, ponencias y trabajos de la Universidad del Cuzco, sesi&#xF3;n inaugural, comisiones, plenarias, conclusiones, pedido a la UNESCO, homenajes, exposici&#xF3;n interamericana de folklore, demostraciones de m&#xFA;sica folklorica, festival folklore, entrega de diplomas de la sociedad peruana de folklore, entrega del pergamino de la Municipalidad del Cuzco a la Prefectura Municipal de San Pablo.</subfield>
  </datafield>
  <datafield tag="650" ind1=" " ind2=" ">
    <subfield code="a">Congreso indigenista</subfield>
    <subfield code="9">47152</subfield>
  </datafield>
  <datafield tag="650" ind1=" " ind2=" ">
    <subfield code="a">Folklore Brasil</subfield>
    <subfield code="9">47153</subfield>
  </datafield>
  <datafield tag="650" ind1=" " ind2=" ">
    <subfield code="a">M&#xFA;sica</subfield>
    <subfield code="9">1443</subfield>
  </datafield>
  <datafield tag="700" ind1=" " ind2=" ">
    <subfield code="a">Caballero, Angeles</subfield>
    <subfield code="9">47154</subfield>
  </datafield>
  <datafield tag="700" ind1=" " ind2=" ">
    <subfield code="a">Quijada Jara, Sergio</subfield>
    <subfield code="9">17558</subfield>
  </datafield>
  <datafield tag="700" ind1=" " ind2=" ">
    <subfield code="a">Rivera Cereceda, Julia Herminia</subfield>
    <subfield code="9">47155</subfield>
  </datafield>
  <datafield tag="700" ind1=" " ind2=" ">
    <subfield code="a">Roca Wallparimachi, Demetrio</subfield>
    <subfield code="9">6182</subfield>
  </datafield>
  <datafield tag="700" ind1=" " ind2=" ">
    <subfield code="a">Morote Best, Efrain</subfield>
    <subfield code="9">47156</subfield>
  </datafield>
  <datafield tag="942" ind1=" " ind2=" ">
    <subfield code="2">ddc</subfield>
    <subfield code="c">PP</subfield>
  </datafield>
  <datafield tag="945" ind1=" " ind2=" ">
    <subfield code="a">rac</subfield>
  </datafield>
  <datafield tag="952" ind1=" " ind2=" ">
    <subfield code="0">0</subfield>
    <subfield code="2">ddc</subfield>
    <subfield code="4">0</subfield>
    <subfield code="7">0</subfield>
    <subfield code="a">HEM</subfield>
    <subfield code="b">HEM</subfield>
    <subfield code="c">CART</subfield>
    <subfield code="d">2022-02-07</subfield>
    <subfield code="g">5.00</subfield>
    <subfield code="o">ArchiPeruFol/N&#xB0;1/1955</subfield>
    <subfield code="p">REVC000570</subfield>
    <subfield code="r">2022-02-07</subfield>
    <subfield code="y">PP</subfield>
  </datafield>
  <datafield tag="952" ind1=" " ind2=" ">
    <subfield code="0">0</subfield>
    <subfield code="2">ddc</subfield>
    <subfield code="4">0</subfield>
    <subfield code="7">0</subfield>
    <subfield code="a">HEM</subfield>
    <subfield code="b">HEM</subfield>
    <subfield code="c">CART</subfield>
    <subfield code="d">2022-02-07</subfield>
    <subfield code="g">5.00</subfield>
    <subfield code="o">ArchiPeruFol/N&#xB0;1/1955/e.2</subfield>
    <subfield code="p">REVC000571</subfield>
    <subfield code="r">2022-02-07</subfield>
    <subfield code="y">PP</subfield>
  </datafield>
  <datafield tag="952" ind1=" " ind2=" ">
    <subfield code="0">0</subfield>
    <subfield code="2">ddc</subfield>
    <subfield code="4">0</subfield>
    <subfield code="7">0</subfield>
    <subfield code="a">HEM</subfield>
    <subfield code="b">HEM</subfield>
    <subfield code="c">CART</subfield>
    <subfield code="d">2022-02-07</subfield>
    <subfield code="g">5.00</subfield>
    <subfield code="o">ArchiPeruFol/N&#xB0;1/1955/e.3</subfield>
    <subfield code="p">REVC000572</subfield>
    <subfield code="r">2022-02-07</subfield>
    <subfield code="y">PP</subfield>
  </datafield>
</record>
